|
|
|
|
| LEADER |
00737cam a2200205 7i4500 |
| 001 |
0000019652 |
| 005 |
20171117090000.0 |
| 008 |
080111 eng |
| 020 |
|
|
|a 0133181499 (hbk.)
|
| 020 |
|
|
|a 9780133181494 (hbk.)
|
| 040 |
|
|
|a DLC
|
| 090 |
0 |
0 |
|a TP155.7
|b .W63 1995
|
| 100 |
1 |
|
|a Woods, Donald R
|
| 245 |
1 |
0 |
|a Data for process design and engineering practice
|c Donald R. Woods.
|
| 260 |
|
|
|a Englewood Cliffs, N. J.:
|b PTR Prentice Hall,
|c 1995.
|
| 300 |
|
|
|a v, 111 p.:
|b ill.;
|c 29 cm.
|
| 504 |
|
|
|a Includes bibliographical references and index
|
| 650 |
0 |
0 |
|a Chemical processes
|
| 997 |
|
|
|a Engineering & Life Sciences, Faculty
|b Engineering, Department
|
| 999 |
|
|
|a 0000028247
|b BOK
|c OPEN SHELF
|e 2nd Floor, Bestari Jaya
|